000 01048cam a22003014a 4500
005 20260322212039.0
008 data
010 _a 99028599
020 _a0736803289
020 _a9780736803281
040 _aDLC
_cDLC
_dDLC
042 _apcc
_apcc
050 0 0 _aNC1001
_b.S68 2000
082 0 0 _a741.6/023
_221
092 _a741.6 Sot 2000
100 1 _aSotnak, Lewann.
245 1 0 _aGraphic designer /
_cLewann Sotnak.
260 _aMankato, Minn. :
_bCapstone Books,
_cc2000.
300 _a48 p. :
_bcol. ill. ;
_c23 cm.
440 0 _aCareer exploration
504 _aIncludes bibliographical references (p. 44) and index.
520 _aAn introduction to the career of graphic designer, including discussion of educational requirements, duties, workplace, salary, employment outlook, and possible future positions.
650 0 _aGraphic arts
_vJuvenile literature.
650 0 _aGraphic arts
_xVocational guidance
_vJuvenile literature.
650 1 _aGraphic arts
_xVocational guidance.
650 1 _aVocational guidance.
001 data
999 _c927
_d927